Lyrics to 'Presiento' by Morat - Statistics

General Stats
  • This quiz has been taken 36 times
  • The average score is 279 of 297
Answer Stats
Answer % Correct
a
100%
cometer
100%
corazones
100%
de
100%
De
100%
dispuesto
100%
el
100%
en
100%
entre
100%
entretienes
100%
error
100%
errores
100%
es
100%
esos
100%
nada
100%
nunca
100%
papel
100%
perder
100%
Presiento
100%
que
100%
Que
100%
Rompiendo
100%
100%
100%
siempre
100%
ti
100%
tienes
100%
100%
tu
100%
tuyo
100%
vas
100%
vienes
100%
Y
100%
y
100%
aunque
91%
avisar
91%
caigan
91%
conocerte
91%
cuántos
91%
da
91%
enamorar
91%
era
91%
eres
91%
estoy
91%
experta
91%
importa
91%
intentó
91%
juego
91%
lo
91%
me
91%
mejor
91%
mi
91%
miro
91%
no
91%
No
91%
obsesión
91%
para
91%
Pero
91%
por
91%
presentimientos
91%
quiero
91%
serás
91%
solo
91%
tal
91%
te
91%
todo
91%
un
91%
ver
91%
vez
91%
volverte
91%
vueltas
91%
ya
91%
Yo
91%
admito
82%
cuando
82%
curiosidad
82%
dos
82%
entienda
82%
escuchar
82%
fondo
82%
hay
82%
instinto
82%
la
82%
los
82%
magia
82%
mate
82%
mis
82%
negar
82%
ocultar
82%
olvido
82%
puedo
82%
razón
82%
sabes
82%
una
82%
verdad
82%
voz
82%
das
73%
Podré
73%
Puedes
73%
sin
73%
vivir
73%
tuyo
27%
No matching quizzes found
Score Distribution
Percent of People with Each Score
Percentile by Number Answered
Your Score History
You have not taken this quiz